| 000 | 01086nam a2200229Ia 4500 | ||
|---|---|---|---|
| 003 | Ost | ||
| 005 | 20260507075500.0 | ||
| 008 | 260507s9999||||xx |||||||||||||| ||und|| | ||
| 020 | _a9961006798 | ||
| 040 | _cfsecg | ||
| 041 | _aara | ||
| 082 | _a330 | ||
| 100 |
_aالموسوي، ضياء مجيد _eمؤلف |
||
| 245 | 0 |
_aالحداثة والهيمنة الإقتصادية ومعوقات التنمية / _c ضياء مجيد الموسوي |
|
| 260 |
_aالجزائر: _bديوان المطبوعات الجامعية, _c2004 |
||
| 300 |
_a159 صفحة؛ _bإيضاحات ؛ _c22 سم |
||
| 504 | _aببليوغرافيا:ص.158 | ||
| 520 | _aالحداثة والميتافيزيق،الحداثة وايديولوجية الهيمنة،الحداثة ووسائل الهيمنة الاقتصادية،الحداثة والهيمنة الأمريكية،العرب والحداثة،مواجهة تحدي الحداثة واعتماد التنمية المستقلة | ||
| 653 | _aالإقتصاد | ||
| 653 | _aالتنمية الإقتصادية | ||
| 942 | _cكتاب | ||
| 999 |
_c44690 _d44690 |
||